00434nam a2200145 4500001000700000003000900007007000300016008004100019100002300060245006200083250001200145260006200157300003800219852003100257148062ES-MaACLt|070214s1940 gw r ||||1| ger d1 aStieve, Friedrich.10aGeschichte des Deutschen Volkes / cvon Friedrich Stieve. a9 Aufl. aMùˆnchen ; aBerlin : bR. Oldenbourg : bDruck, c1940. aVI, 528 p. : b11 map. ; c23 cm. aES-MaACLjB-9822 bR.19134